Red Hat. Linux 7.0 Instalación y configuración básica
| Main Author: | |
|---|---|
| Format: | Section = Libro |
| Language: | Undetermined Spanish |
| Published: |
México
Alfaomega
2001
|
| Subjects: |
| LEADER | 00656nam a2200229Ia 4500 | ||
|---|---|---|---|
| 008 | 240829s9999 xx 000 0 und d | ||
| 020 | |a 970-15-0725-8 | ||
| 040 | |a BIBLIOTECA-RUSB/ Ref 005.13 E77 | ||
| 041 | |a spa | ||
| 082 | |a Ref 005.13 E77 | ||
| 100 | 1 | |a Espinoza H., Juan Carlos | |
| 245 | 1 | 0 | |a Red Hat. Linux 7.0 Instalación y configuración básica |
| 260 | |a México |b Alfaomega |c 2001 | ||
| 300 | |a 192 p. :il. | ||
| 650 | 7 | |a LENGUAJES DE PROGRAMACION - LINUX | |
| 650 | 7 | |c INSTALACION - LINUX | |
| 650 | 7 | |e RED HAT - LINUX | |
| 650 | 7 | |f WINDOWS 9x - WINDOWS NT | |
| 650 | 7 | |g COMANDOS - LINUX | |
| 942 | |c BK |2 ddc | ||
| 991 | |a TEXTO | ||
| 999 | |c 5626 | ||